| 000 | 00747nam a2200217 a 4500 | ||
|---|---|---|---|
| 005 | 20140310183356.0 | ||
| 008 | 120920s19uu xx 00 eng d | ||
| 050 |
_aPZ 7 _b.Al319 2011 |
||
| 100 | _aAlanguilan, Gerry | ||
| 245 |
_aElmer / _cwritten & illustrated by Gerry Alanguilan. |
||
| 250 | _a2nd collected ed. | ||
| 260 |
_aPhilippines : _bKomikero Pub. and National Book Store, _c2011. |
||
| 300 |
_a135 p. : _c23 cm. |
||
| 500 | _aGraphic novel. "For mature readers"--P. [4] of cover. | ||
| 650 |
_aChickens _xComic books, strips, etc |
||
| 650 |
_aRacism _xComic books, strips, etc |
||
| 650 |
_aSpeciesism _xComic books, strips, etc |
||
| 650 |
_aAnthropomorphism _xComic books, strips, etc |
||
| 942 |
_cBK _2lcc |
||
| 999 |
_c22236 _d22236 |
||